000
00281nam a2200097Ia 4500
001
1146222
005
20250827010247.0
008
250824s9999 xx 000 0 und d
245
0
_a
TÜRK MANİLERİNDEN SEÇMELER
_c
METİN ÖZARSLAN
260
_b
MİLLİ EĞİTİM BAKANLIĞI YAYINLARI
999
_c
1146222
_d
1146222